000
00325nas a22001337a 4500
001
T027600011070-00
008
190830b xxu||||| |||| 00| 0 esp |
040
_a
FEVP
_c
FEVP
245
_a
Revista de Control Fiscal.
260
_c
2000
300
_a
239 p.
650
_a
Chávez Frías, Hugo, 1954-2013--Entrevistas
942
_c
REV
999
_c
14330
_d
14330